đź“–150 premiers mots "La liste de Schindler"Thomas Keneally- Q2Prologue - Statistiques

Statistiques générales
  • Ce quiz a Ă©tĂ© pris 3 fois
  • Le rĂ©sultat moyen est 73 sur 150
Statistiques - réponses
Mots % Correct
Ă 
100%
ce
100%
Cracovie.
100%
d'
100%
de
100%
des
100%
du
100%
en
100%
et
100%
Herr
100%
homme
100%
Il
100%
il
100%
L'
100%
l'
100%
la
100%
le
100%
les
100%
Les
100%
Schindler,
100%
se
100%
Straszewskiego,
100%
Un
100%
un
100%
une
100%
Adler
67%
Allemand,
67%
Allemand
67%
automne
67%
avec
67%
dans
67%
dont
67%
fin.
67%
grand
67%
Histoire,
67%
ne
67%
nous
67%
qu'
67%
que
67%
sa
67%
sans
67%
allons ...
33%
aussi
33%
bien
33%
centre
33%
cet
33%
Cette
33%
entregent -
33%
historique
33%
immeuble
33%
individu
33%
jeune
33%
Jusqu'
33%
manteau
33%
moment
33%
pas
33%
petite
33%
polonais
33%
prenait
33%
proche
33%
Son
33%
son
33%
sortait
33%
tant
33%
toujours -
33%
type
33%
arborait
0%
- Attention,
0%
aurait -
0%
cachait
0%
chauffeur
0%
chromes
0%
continuerait
0%
cossu
0%
costumes
0%
croix
0%
Debout,
0%
dessous
0%
détonnaient
0%
donner
0%
élégance
0%
énorme
0%
étincelants
0%
fonction
0%
forcer
0%
gammée.
0%
glacés
0%
hivernale
0%
impeccables ;
0%
industriel -
0%
irréprochables.
0%
lequel
0%
manquant
0%
mort,
0%
mutilé,
0%
note.
0%
ouvrant
0%
paraissait
0%
permettre
0%
personnages
0%
plaisanter
0%
porter
0%
portière
0%
pourrait
0%
rare
0%
revers
0%
scène
0%
serait
0%
smoking
0%
sont
0%
ton.
0%
transi.
0%
trottoirs
0%
univers
0%
veuve.
0%
voitures
0%
Aucun quiz correspondant
Distribution des résultats
% des personnes avec chaque résultat
Percentile par nombre de réponses
Votre historique - résultats
Vous n’avez pas pris ce quiz